000 00564nam a2200217Ia 4500
003 OSt
005 20220918231435.0
006 a|||||r|||| 00| 0
007 ta
008 220917b |||||||| |||| 00| 0 eng d
024 _a283,814
037 _cTextual
040 _aARTS
_cARTS
_beng
041 _2eng
_aeng
082 _aDelta7wG07, M5
100 _aPaul Harendrachandra
_9154663
245 0 _aJalaluddin rumi and his tasawwuf
260 _c1985
942 _hDelta7wG07, M5
_cTEXL
_2CC
999 _c291159
_d291159